[Event "Uruguay ch 2010"]
[Site "Montevideo URU"]
[Date "2010.04.10"]
[Round "1.1"]
[White "Lopez Azambuja, Nicolas"]
[Black "Rodriguez, Santiago"]
[Result "0-1"]
[WhiteElo "2141"]
[BlackElo "2270"]
[PlyCount "104"]
[EventDate "2010.04.10"]
[EventType "tourn"]
[EventRounds "11"]
[EventCountry "URU"]
[EventCategory "1"]
[Source "lmi"]
[SourceDate "2010.04.10"]

1. e4 c5 2. Nf3 Nc6 3. Nc3 g6 4. d4 cxd4 5. Nxd4 Bg7 6. Be3 Nf6 7. Bc4 Qa5 8.
O-O O-O 9. Nb3 Qd8 10. Be2 d6 11. Qd2 Re8 12. Rad1 b6 13. Nd4 Bb7 14. Nxc6 Bxc6
15. f3 Qc8 16. Bd4 Qb7 17. Bc4 b5 18. Bb3 e6 19. Be3 b4 20. Ne2 d5 21. exd5
Nxd5 22. Bxd5 Bxd5 23. Bd4 e5 24. Bc5 Bc4 25. b3 Ba6 26. Rfe1 Rac8 27. Bf2 e4
28. fxe4 Rxe4 29. Ng3 Rxe1+ 30. Bxe1 h5 31. Qxb4 Qxb4 32. Bxb4 Rxc2 33. Rd2
Rxd2 34. Bxd2 Bd4+ 35. Kh1 Bd3 36. h4 f5 37. Kh2 Be5 38. Kh3 Kf7 39. Nh1 Bf1
40. Ng3 Bd3 41. Nh1 Ke6 42. Nf2 Bb1 43. a3 Bc2 44. b4 f4 45. Kh2 Kf5 46. Kg1
Bb2 47. Nh3 Bxa3 48. Kf2 Bb2 49. Nxf4 Kg4 50. g3 Bd4+ 51. Kg2 Be4+ 52. Kh2 Bf2
0-1

[Event "Uruguay ch 2010"]
[Site "Montevideo URU"]
[Date "2010.04.10"]
[Round "1.2"]
[White "Rodriguez Vila, Andres"]
[Black "Muniz, Rafael"]
[Result "1-0"]
[WhiteElo "2504"]
[BlackElo "2174"]
[PlyCount "81"]
[EventDate "2010.04.10"]
[EventType "tourn"]
[EventRounds "11"]
[EventCountry "URU"]
[EventCategory "1"]
[Source "lmi"]
[SourceDate "2010.04.10"]

1. f4 d5 2. Nf3 Nf6 3. g3 g6 4. Bg2 Bg7 5. O-O O-O 6. d3 c5 7. Qe1 d4 8. c4 Nc6
9. h3 e5 10. fxe5 Nd7 11. e6 fxe6 12. Nbd2 Nf6 13. a3 a5 14. Ng5 h6 15. Nge4
Nxe4 16. Nxe4 Rxf1+ 17. Qxf1 Qe7 18. g4 g5 19. h4 gxh4 20. g5 Bd7 21. gxh6 Rf8
22. Bg5 Rxf1+ 23. Rxf1 Qe8 24. hxg7 Qg6 25. Bxh4 Ne5 26. Rf8+ Kxg7 27. Rb8 Bc6
28. Bf6+ Kf7 29. Bxe5 Bxe4 30. dxe4 Qh5 31. Rxb7+ Ke8 32. Bd6 Qxe2 33. Rh7 Qe3+
34. Kh1 d3 35. e5 Qc1+ 36. Kh2 Qf4+ 37. Kh1 Qc1+ 38. Kh2 Qxb2 39. Kg3 Qb6 40.
Re7+ Kd8 41. Bc7+ 1-0

[Event "Uruguay ch 2010"]
[Site "Montevideo URU"]
[Date "2010.04.10"]
[Round "1.3"]
[White "Guerrero, Alvaro"]
[Black "Izquierdo, Daniel"]
[Result "1/2-1/2"]
[WhiteElo "2225"]
[BlackElo "2276"]
[PlyCount "98"]
[EventDate "2010.04.10"]
[EventType "tourn"]
[EventRounds "11"]
[EventCountry "URU"]
[EventCategory "1"]
[Source "lmi"]
[SourceDate "2010.04.10"]

1. d4 c5 2. d5 e5 3. c4 d6 4. Nc3 Nf6 5. Nf3 Be7 6. g3 O-O 7. Bg2 Na6 8. O-O
Nc7 9. a4 b6 10. Nd2 a6 11. e4 Rb8 12. Qe2 Re8 13. b3 b5 14. axb5 axb5 15. Re1
Bd7 16. Nf1 Bf8 17. Ne3 g6 18. Qc2 Bh6 19. Bd2 b4 20. Ncd1 Ra8 21. Rxa8 Qxa8
22. Bc1 Qc8 23. Nf5 Bf8 24. Nh6+ Kg7 25. f4 exf4 26. Bxf4 Ng4 27. Nxg4 Bxg4 28.
Nf2 Bd7 29. h4 Kg8 30. Kh2 Qa6 31. Re2 Qa1 32. Bf3 h5 33. g4 Qf6 34. Kg3 hxg4
35. Bxg4 Bxg4 36. Nxg4 Qa1 37. Kg2 Ra8 38. e5 Ne8 39. e6 f5 40. Nh2 Qd4 41. Qd2
Qxd2 42. Rxd2 Ra3 43. Rd3 Bg7 44. Bc1 Ra2+ 45. Rd2 Ra1 46. Rc2 Rb1 47. Nf3 Rxb3
48. Ra2 Rb1 49. Ra8 Kf8 1/2-1/2

[Event "Uruguay ch 2010"]
[Site "Montevideo URU"]
[Date "2010.04.10"]
[Round "1.4"]
[White "Donatti, Alvaro"]
[Black "Michailov, Matias"]
[Result "1-0"]
[WhiteElo "2216"]
[BlackElo "1993"]
[PlyCount "89"]
[EventDate "2010.04.10"]
[EventType "tourn"]
[EventRounds "11"]
[EventCountry "URU"]
[EventCategory "1"]
[Source "lmi"]
[SourceDate "2010.04.10"]

1. c4 Nf6 2. g3 g6 3. Bg2 Bg7 4. Nc3 O-O 5. e4 d6 6. Nge2 e5 7. O-O Nbd7 8. d3
Nc5 9. b4 Ne6 10. Rb1 Nh5 11. Qb3 Kh8 12. Bd2 f5 13. f3 Ng5 14. a4 f4 15. g4
Nf6 16. h3 h5 17. Nd5 hxg4 18. hxg4 Nxg4 19. fxg4 f3 20. Ng3 Bxg4 21. Ne3 Bh3
22. Qd1 Bxg2 23. Nxg2 f2+ 24. Kh1 Qd7 25. Nf5 Rxf5 26. exf5 Qxf5 27. Rxf2 Qxf2
28. Bxg5 Qg3 29. Bh4 Qh3+ 30. Kg1 e4 31. d4 Rf8 32. Qd2 Rf3 33. Rf1 c5 34. dxc5
dxc5 35. bxc5 Rd3 36. Qf4 Rf3 37. Qxe4 Rxf1+ 38. Kxf1 Qf5+ 39. Qxf5 gxf5 40.
Ne3 Bd4 41. Nxf5 Bxc5 42. Bf2 Bb4 43. Bxa7 Kh7 44. c5 Kg6 45. Nd6 1-0

[Event "Uruguay ch 2010"]
[Site "Montevideo URU"]
[Date "2010.04.10"]
[Round "1.5"]
[White "Gonzalez, Nahuel"]
[Black "Crosa Coll, Martin"]
[Result "0-1"]
[WhiteElo "2154"]
[BlackElo "2398"]
[PlyCount "62"]
[EventDate "2010.04.10"]
[EventType "tourn"]
[EventRounds "11"]
[EventCountry "URU"]
[EventCategory "1"]
[Source "lmi"]
[SourceDate "2010.04.10"]

1. d4 g6 2. e4 Bg7 3. f4 c5 4. d5 d6 5. Nf3 e6 6. Bb5+ Kf8 7. a4 exd5 8. exd5
Ne7 9. O-O Nd7 10. a5 Nf6 11. Nc3 Bf5 12. Re1 a6 13. Bc4 h6 14. Qe2 Rc8 15. h3
Rc7 16. g4 Bc8 17. Be3 h5 18. g5 Nfg8 19. Qg2 Nf5 20. Bf2 Nge7 21. Re4 h4 22.
Na4 Ng3 23. Bxg3 hxg3 24. h4 Nf5 25. Rae1 Nxh4 26. Nxh4 Rxh4 27. Re8+ Qxe8 28.
Rxe8+ Kxe8 29. c3 Re7 30. Be2 Rh2 31. Qxg3 Rhxe2 0-1

[Event "Uruguay ch 2010"]
[Site "Montevideo URU"]
[Date "2010.04.10"]
[Round "1.6"]
[White "Larrea, Manuel"]
[Black "Roselli Mailhe, Bernardo"]
[Result "1-0"]
[WhiteElo "2333"]
[BlackElo "2386"]
[PlyCount "73"]
[EventDate "2010.04.10"]
[EventType "tourn"]
[EventRounds "11"]
[EventCountry "URU"]
[EventCategory "1"]
[Source "lmi"]
[SourceDate "2010.04.10"]

1. e4 e6 2. d4 d5 3. Nc3 Bb4 4. e5 c5 5. a3 Bxc3+ 6. bxc3 Qa5 7. Bd2 Qa4 8. Qg4
g6 9. Qd1 Nc6 10. Nf3 cxd4 11. Rb1 dxc3 12. Bxc3 a6 13. h4 h6 14. Bd3 Nge7 15.
Rh3 Qxa3 16. Qd2 Qc5 17. Nd4 Bd7 18. Nb3 Qa7 19. Bb2 b5 20. Qf4 Qc7 21. Ra1 Qb6
22. Rf3 O-O-O 23. Ba3 b4 24. Bc1 a5 25. Be3 Qc7 26. Ba6+ Kb8 27. Bc5 Nf5 28.
Nxa5 Qxe5+ 29. Qxe5+ Nxe5 30. Rxf5 exf5 31. Bd6+ Ka7 32. Be2 f6 33. Bc5+ Kb8
34. Bd6+ Ka7 35. Nb3+ Kb7 36. Nc5+ Kc8 37. Ra8# 1-0

[Event "Uruguay ch 2010"]
[Site "Montevideo URU"]
[Date "2010.04.11"]
[Round "2.1"]
[White "Crosa Coll, Martin"]
[Black "Larrea, Manuel"]
[Result "0-1"]
[WhiteElo "2398"]
[BlackElo "2333"]
[PlyCount "81"]
[EventDate "2010.04.10"]
[EventType "tourn"]
[EventRounds "11"]
[EventCountry "URU"]
[EventCategory "1"]
[Source "lmi"]
[SourceDate "2010.04.10"]

1. e4 c5 2. Nf3 Nc6 3. Bb5 g6 4. O-O Bg7 5. Bxc6 dxc6 6. d3 e5 7. Be3 Qe7 8.
Qd2 Nf6 9. Qc3 Nd7 10. Nbd2 O-O 11. a4 a5 12. Nc4 b6 13. Nxb6 Nxb6 14. Bxc5 Qc7
15. Bxf8 Kxf8 16. d4 Ba6 17. Rfe1 exd4 18. Qc5+ Kg8 19. Nxd4 Nd7 20. Qxc6 Qxc6
21. Nxc6 Bxb2 22. Rab1 Bc3 23. Re3 Bd2 24. Reb3 Nc5 25. Rb8+ Rxb8 26. Rxb8+ Kg7
27. e5 Nxa4 28. Ne7 Nc5 29. Rg8+ Kh6 30. h4 a4 31. Rd8 Bc3 32. Ng8+ Kg7 33. f4
Ne6 34. Ra8 Bb7 35. Rb8 a3 36. h5 gxh5 37. Ne7 h6 38. Nf5+ Kg6 39. Ne7+ Kh7 40.
Rxb7 a2 41. Nd5 0-1

[Event "Uruguay ch 2010"]
[Site "Montevideo URU"]
[Date "2010.04.11"]
[Round "2.2"]
[White "Michailov, Matias"]
[Black "Gonzalez, Nahuel"]
[Result "1-0"]
[WhiteElo "1993"]
[BlackElo "2154"]
[PlyCount "91"]
[EventDate "2010.04.10"]
[EventType "tourn"]
[EventRounds "11"]
[EventCountry "URU"]
[EventCategory "1"]
[Source "lmi"]
[SourceDate "2010.04.10"]

1. e4 e6 2. d4 d5 3. Nc3 dxe4 4. Nxe4 Bd7 5. Nf3 Bc6 6. Bd3 Nd7 7. O-O Ngf6 8.
Ng3 Be7 9. c4 Bxf3 10. Qxf3 c5 11. d5 Ne5 12. Qe2 Nxd3 13. Qxd3 exd5 14. Nf5
O-O 15. Qg3 Nh5 16. Qf3 Nf6 17. Bg5 Re8 18. Rfe1 Qd7 19. Rxe7 Rxe7 20. Bxf6 Re4
21. cxd5 Rae8 22. Bc3 f6 23. Ng3 R4e7 24. h3 b5 25. Rd1 b4 26. Bd2 a5 27. Qd3
Qa4 28. Rc1 Qxa2 29. Rxc5 Qxb2 30. d6 Rd7 31. Rc7 Qa1+ 32. Kh2 Qa4 33. Qd5+ Kf8
34. Ne4 Rxc7 35. dxc7 Qc2 36. Bf4 Rxe4 37. Bd6+ Ke8 38. Qg8+ Kd7 39. Qd8+ Ke6
40. c8=Q+ Qxc8 41. Qxc8+ Kxd6 42. Qd8+ Kc5 43. Qxa5+ Kc4 44. Qc7+ Kd3 45. Qxg7
b3 46. Qb7 1-0

[Event "Uruguay ch 2010"]
[Site "Montevideo URU"]
[Date "2010.04.11"]
[Round "2.3"]
[White "Izquierdo, Daniel"]
[Black "Donatti, Alvaro"]
[Result "1-0"]
[WhiteElo "2276"]
[BlackElo "2216"]
[PlyCount "69"]
[EventDate "2010.04.10"]
[EventType "tourn"]
[EventRounds "11"]
[EventCountry "URU"]
[EventCategory "1"]
[Source "lmi"]
[SourceDate "2010.04.10"]

1. Nf3 d5 2. b3 Nf6 3. Bb2 e6 4. e3 c6 5. d4 Nbd7 6. Bd3 Be7 7. O-O a6 8. Nbd2
O-O 9. Qe2 c5 10. Ne5 Nxe5 11. dxe5 Nd7 12. c4 dxc4 13. Nxc4 b5 14. Nd6 Qc7 15.
Rfd1 Nb6 16. Rac1 g6 17. Bd4 Nd7 18. Be4 Rb8 19. f4 Qb6 20. Bc3 Rd8 21. Qe1 b4
22. Ba1 a5 23. h4 Ba6 24. h5 Qa7 25. hxg6 hxg6 26. Qg3 Nf8 27. f5 exf5 28. Bxf5
Rb6 29. Rxc5 Rbxd6 30. exd6 Qxc5 31. Qh3 Nh7 32. Bxg6 fxg6 33. Qe6+ Kf8 34.
Qxe7+ Kg8 35. Qg7# 1-0

[Event "Uruguay ch 2010"]
[Site "Montevideo URU"]
[Date "2010.04.11"]
[Round "2.4"]
[White "Muniz, Rafael"]
[Black "Guerrero, Alvaro"]
[Result "0-1"]
[WhiteElo "2174"]
[BlackElo "2225"]
[PlyCount "88"]
[EventDate "2010.04.10"]
[EventType "tourn"]
[EventRounds "11"]
[EventCountry "URU"]
[EventCategory "1"]
[Source "lmi"]
[SourceDate "2010.04.10"]

1. e4 c6 2. Nc3 d5 3. Nf3 dxe4 4. Nxe4 Bf5 5. Ng3 Bg4 6. Bc4 e6 7. h3 Bxf3 8.
Qxf3 Nd7 9. Qe2 Qc7 10. d4 Ngf6 11. c3 Be7 12. O-O O-O 13. Bb3 Rfe8 14. Ne4
Nxe4 15. Qxe4 Bd6 16. Bg5 c5 17. Bc2 g6 18. Rad1 c4 19. h4 Nb6 20. h5 Nd5 21.
hxg6 hxg6 22. f4 Kg7 23. g3 Rh8 24. Kg2 Qc6 25. Rde1 Rh7 26. Rh1 Rxh1 27. Kxh1
Rh8+ 28. Kg2 Kf8 29. Kg1 Kg7 30. Qg2 Qb6 31. Be4 Nc7 32. Rf1 Qa5 33. Bxb7 Qxa2
34. Be4 Qa5 35. Qe2 Qb5 36. Qg2 f6 37. Bh4 Rb8 38. Ra1 a6 39. Qf3 f5 40. Bg5
fxe4 41. Qh1 Qf5 42. Qh6+ Kg8 43. Ra5 Rb5 44. Ra4 e3 0-1

[Event "Uruguay ch 2010"]
[Site "Montevideo URU"]
[Date "2010.04.11"]
[Round "2.5"]
[White "Lopez Azambuja, Nicolas"]
[Black "Rodriguez Vila, Andres"]
[Result "1-0"]
[WhiteElo "2141"]
[BlackElo "2504"]
[PlyCount "95"]
[EventDate "2010.04.10"]
[EventType "tourn"]
[EventRounds "11"]
[EventCountry "URU"]
[EventCategory "1"]
[Source "lmi"]
[SourceDate "2010.04.10"]

1. Nf3 f5 2. d4 Nf6 3. c4 g6 4. g3 Bg7 5. Bg2 O-O 6. O-O d6 7. Nc3 h6 8. d5 c5
9. Qc2 Na6 10. Bd2 Nb4 11. Qc1 Kh7 12. a3 Na6 13. Qc2 Rb8 14. Rad1 Nc7 15. e4
fxe4 16. Nxe4 Nxe4 17. Qxe4 Bf5 18. Qh4 e5 19. Bg5 Qd7 20. h3 Rh8 21. g4 Kg8
22. Bc1 g5 23. Qg3 Bc2 24. Rd2 Bg6 25. Rdd1 Rf8 26. Rfe1 b5 27. b3 Ne8 28. h4
Rf4 29. Bxf4 gxf4 30. Qh3 h5 31. g5 Bf5 32. Qh1 Bc2 33. Bh3 Qb7 34. Rc1 Bxb3
35. Nd2 bxc4 36. Be6+ Kf8 37. Qe4 Ke7 38. Nxc4 Qa6 39. Rc3 Ba4 40. Rb1 Rf8 41.
Rb8 Nc7 42. Rxf8 Bxf8 43. Qh7+ Kd8 44. Qg8 Qb5 45. Qxf8+ Ne8 46. Rc1 e4 47. Bf7
Qb3 48. Bxe8 1-0

[Event "Uruguay ch 2010"]
[Site "Montevideo URU"]
[Date "2010.04.11"]
[Round "2.6"]
[White "Rodriguez, Santiago"]
[Black "Roselli Mailhe, Bernardo"]
[Result "1/2-1/2"]
[WhiteElo "2270"]
[BlackElo "2386"]
[PlyCount "68"]
[EventDate "2010.04.10"]
[EventType "tourn"]
[EventRounds "11"]
[EventCountry "URU"]
[EventCategory "1"]
[Source "lmi"]
[SourceDate "2010.04.10"]

1. e4 e6 2. d4 d5 3. Nc3 Bb4 4. e5 b6 5. a3 Bxc3+ 6. bxc3 Ne7 7. Qg4 Ng6 8. h4
h5 9. Qd1 Ba6 10. Bxa6 Nxa6 11. Bg5 Qd7 12. a4 Nb8 13. Ne2 Qc6 14. O-O Nd7 15.
Qd3 Ne7 16. Bxe7 Kxe7 17. a5 Rhc8 18. Qe3 g6 19. Qg5+ Ke8 20. f4 Nf8 21. Rae1
Qd7 22. f5 exf5 23. e6 fxe6 24. Nf4 Kf7 25. Rxe6 Qxe6 26. Nxe6 Nxe6 27. Qg3 Re8
28. a6 Rad8 29. Re1 Rd7 30. Re5 b5 31. Qe3 Rde7 32. Qc1 Ng7 33. Qa3 Rd7 34. Qc1
Rc8 1/2-1/2

[Event "Uruguay ch 2010"]
[Site "Montevideo URU"]
[Date "2010.04.11"]
[Round "3.1"]
[White "Rodriguez Vila, Andres"]
[Black "Rodriguez, Santiago"]
[Result "1-0"]
[WhiteElo "2504"]
[BlackElo "2270"]
[PlyCount "61"]
[EventDate "2010.04.10"]
[EventType "tourn"]
[EventRounds "11"]
[EventCountry "URU"]
[EventCategory "1"]
[Source "lmi"]
[SourceDate "2010.04.10"]

1. d4 Nf6 2. Nf3 e6 3. e3 c5 4. b3 b6 5. Bb2 Bb7 6. Bd3 Be7 7. O-O O-O 8. dxc5
bxc5 9. c4 Nc6 10. Nc3 Rc8 11. Rc1 Qc7 12. Qe2 Rfe8 13. Rfd1 Qb8 14. Bb1 Nd8
15. Nb5 a6 16. Bxf6 gxf6 17. Qd3 f5 18. Nd6 Bxd6 19. Qxd6 Qxd6 20. Rxd6 Bc6 21.
Ne5 Nb7 22. Rd2 d6 23. Nxc6 Rxc6 24. f4 Rd8 25. e4 fxe4 26. Bxe4 Rb6 27. Rcd1
Na5 28. f5 Kg7 29. Rd3 h6 30. fxe6 fxe6 31. Rf1 1-0

[Event "Uruguay ch 2010"]
[Site "Montevideo URU"]
[Date "2010.04.11"]
[Round "3.2"]
[White "Larrea, Manuel"]
[Black "Michailov, Matias"]
[Result "1-0"]
[WhiteElo "2333"]
[BlackElo "1993"]
[PlyCount "65"]
[EventDate "2010.04.10"]
[EventType "tourn"]
[EventRounds "11"]
[EventCountry "URU"]
[EventCategory "1"]
[Source "lmi"]
[SourceDate "2010.04.10"]

1. e4 c5 2. Nf3 Nc6 3. d4 cxd4 4. Nxd4 Nf6 5. Nc3 e5 6. Ndb5 d6 7. Bg5 a6 8.
Na3 b5 9. Bxf6 gxf6 10. Nd5 Bg7 11. c3 f5 12. exf5 Bxf5 13. Nc2 O-O 14. Nce3
Be6 15. Bd3 f5 16. O-O Rb8 17. Qh5 Qd7 18. g4 e4 19. Bc2 fxg4 20. Bxe4 Be5 21.
h3 gxh3 22. f4 Bf6 23. Kh1 Kh8 24. Rg1 Bxd5 25. Nxd5 Rbe8 26. Qh6 Bh4 27. Rg4
Qf7 28. Rag1 h2 29. R1g2 Rxe4 30. Rg7 Re1+ 31. Kxh2 Bg3+ 32. R2xg3 Re2+ 33. Kg1
1-0

[Event "Uruguay ch 2010"]
[Site "Montevideo URU"]
[Date "2010.04.11"]
[Round "3.3"]
[White "Roselli Mailhe, Bernardo"]
[Black "Crosa Coll, Martin"]
[Result "1-0"]
[WhiteElo "2386"]
[BlackElo "2398"]
[PlyCount "70"]
[EventDate "2010.04.10"]
[EventType "tourn"]
[EventRounds "11"]
[EventCountry "URU"]
[EventCategory "1"]
[Source "lmi"]
[SourceDate "2010.04.10"]

1. d4 g6 2. c4 Bg7 3. Nc3 d6 4. Nf3 Nf6 5. Bg5 O-O 6. e3 h6 7. Bh4 c5 8. d5 Qa5
9. Nd2 Nbd7 10. Be2 b5 11. Nb3 Qb6 12. cxb5 a6 13. a4 axb5 14. axb5 Rxa1 15.
Nxa1 Bb7 16. O-O e6 17. dxe6 fxe6 18. Nc2 d5 19. Na3 Qa5 20. Bg3 Ra8 21. Nc2
Qd8 22. Qd2 Qe7 23. Ra1 Rxa1+ 24. Nxa1 e5 25. Nb3 Qd8 26. Na4 Ne4 27. Qa5 Qb8
28. Bg4 c4 29. Bxd7 Qd6 30. Qd8+ Kh7 31. Nbc5 Nxc5 32. Nxc5 Qxc5 33. Be6 Qf8
34. Qxf8 Bxf8 35. Bxe5 Bg7 1-0

[Event "Uruguay ch 2010"]
[Site "Montevideo URU"]
[Date "2010.04.11"]
[Round "3.4"]
[White "Gonzalez, Nahuel"]
[Black "Izquierdo, Daniel"]
[Result "0-1"]
[WhiteElo "2154"]
[BlackElo "2276"]
[PlyCount "140"]
[EventDate "2010.04.10"]
[EventType "tourn"]
[EventRounds "11"]
[EventCountry "URU"]
[EventCategory "1"]
[Source "lmi"]
[SourceDate "2010.04.10"]

1. d4 c5 2. d5 e5 3. e4 d6 4. Nc3 Nf6 5. f4 Nbd7 6. Nf3 a6 7. a4 Qa5 8. fxe5
Nxe5 9. Bd2 Be7 10. Nxe5 dxe5 11. Be2 O-O 12. O-O Ne8 13. Bg4 Nd6 14. Bxc8
Raxc8 15. Nb5 Qb6 16. Nxd6 Bxd6 17. Qg4 c4+ 18. Kh1 Bc5 19. Rf5 f6 20. Raf1 Rc7
21. Bc3 Rcf7 22. a5 Qd6 23. Qg3 Bb4 24. Qf3 g6 25. Qg3 Bxc3 26. bxc3 Qa3 27. h4
Kh8 28. R5f3 Qxa5 29. Qf2 Qc7 30. g4 Qd7 31. Qg3 Qd6 32. h5 gxh5 33. gxh5 b5
34. Rg1 Qe7 35. h6 Ra8 36. Qh4 Rg8 37. Rxg8+ Kxg8 38. Rg3+ Kh8 39. Qg4 Qf8 40.
Kg2 a5 41. d6 Qd8 42. Qe6 Qd7 43. Qd5 Qe8 44. Rg7 Rxg7+ 45. hxg7+ Kxg7 46. d7
Qd8 47. Qxb5 Kf8 48. Qc5+ Kf7 49. Qxc4+ Ke7 50. Qd5 Qxd7 51. Qc5+ Kf7 52. Kf3
Qh3+ 53. Kf2 Qh2+ 54. Kf3 Qf4+ 55. Ke2 Qxe4+ 56. Kd2 a4 57. Qc7+ Kg6 58. Qd8
Kf5 59. Qg8 Kf4 60. Qg1 Qf3 61. Qh2+ Qg3 62. Qxh7 Qg2+ 63. Kc1 e4 64. Qh4+ Ke5
65. Kb2 f5 66. Qh8+ Kf4 67. Qd4 Kf3 68. Qd1+ Kg3 69. c4 e3 70. Qd6+ f4 0-1

[Event "Uruguay ch 2010"]
[Site "Montevideo URU"]
[Date "2010.04.11"]
[Round "3.5"]
[White "Guerrero, Alvaro"]
[Black "Lopez Azambuja, Nicolas"]
[Result "1-0"]
[WhiteElo "2225"]
[BlackElo "2141"]
[PlyCount "101"]
[EventDate "2010.04.10"]
[EventType "tourn"]
[EventRounds "11"]
[EventCountry "URU"]
[EventCategory "1"]
[Source "lmi"]
[SourceDate "2010.04.10"]

1. d4 Nf6 2. c4 e6 3. Nc3 Bb4 4. f3 d5 5. a3 Bxc3+ 6. bxc3 c5 7. cxd5 Nxd5 8.
dxc5 Qa5 9. e4 Ne7 10. Be3 O-O 11. Qb3 Qc7 12. Nh3 Nd7 13. Qc4 Ne5 14. Qb3 Nd7
15. Qc4 Ne5 16. Bf4 N7g6 17. Bg3 b6 18. c6 Qxc6 19. Qxc6 Nxc6 20. Bb5 Bb7 21.
Kf2 Rac8 22. Rhd1 Rfd8 23. Ke2 Na5 24. Rxd8+ Rxd8 25. Rd1 Rxd1 26. Kxd1 e5 27.
Nf2 Kf8 28. Ng4 f6 29. Ne3 Ne7 30. Kc2 Kf7 31. Be1 Bc6 32. c4 Bxb5 33. cxb5 Nb7
34. Bb4 Ke6 35. Nc4 Nc8 36. a4 Nbd6 37. Ne3 Ne7 38. Kd3 Ndc8 39. Kc4 Nd6+ 40.
Bxd6 Kxd6 41. Nf5+ Nxf5 42. exf5 g6 43. fxg6 hxg6 44. h4 e4 45. fxe4 Ke5 46. g4
Kxe4 47. h5 gxh5 48. gxh5 Kf5 49. Kd5 Kg5 50. Ke6 f5 51. h6 1-0

[Event "Uruguay ch 2010"]
[Site "Montevideo URU"]
[Date "2010.04.11"]
[Round "3.6"]
[White "Donatti, Alvaro"]
[Black "Muniz, Rafael"]
[Result "1-0"]
[WhiteElo "2216"]
[BlackElo "2174"]
[PlyCount "63"]
[EventDate "2010.04.10"]
[EventType "tourn"]
[EventRounds "11"]
[EventCountry "URU"]
[EventCategory "1"]
[Source "lmi"]
[SourceDate "2010.04.10"]

1. c4 Nf6 2. g3 e6 3. Bg2 c5 4. b3 Be7 5. Bb2 O-O 6. e3 d5 7. Ne2 Nc6 8. O-O
Qb6 9. cxd5 exd5 10. Nbc3 Nb4 11. d4 Bf5 12. Na4 Qa6 13. Nxc5 Bxc5 14. dxc5 Bd3
15. Nd4 Bxf1 16. Bxf1 Qa5 17. Nf5 Qd8 18. Nxg7 d4 19. Nh5 Nxh5 20. Qxh5 Nc6 21.
exd4 Qf6 22. Bd3 h6 23. Qg4+ Qg5 24. Qe4 Rfe8 25. Qh7+ Kf8 26. d5 Nb4 27. Qh8+
Ke7 28. Re1+ Kd7 29. Bb5+ Nc6 30. dxc6+ bxc6 31. Qd4+ Kc7 32. Qd6+ 1-0

[Event "Uruguay ch 2010"]
[Site "Montevideo URU"]
[Date "2010.04.13"]
[Round "4.1"]
[White "Rodriguez, Santiago"]
[Black "Crosa Coll, Martin"]
[Result "0-1"]
[WhiteElo "2270"]
[BlackElo "2398"]
[PlyCount "94"]
[EventDate "2010.04.10"]
[EventType "tourn"]
[EventRounds "11"]
[EventCountry "URU"]
[EventCategory "1"]
[Source "lmi"]
[SourceDate "2010.04.10"]

1. d4 g6 2. c4 Bg7 3. Nc3 d6 4. e4 Nf6 5. f4 c5 6. dxc5 Qa5 7. Bd3 Nfd7 8. Nge2
Nxc5 9. O-O Nc6 10. Nd5 Nb4 11. Bc2 Nxd5 12. exd5 Qb4 13. Nc3 Qxc4 14. Be3 Bf5
15. Rc1 b6 16. Re1 O-O 17. Bxf5 gxf5 18. Bxc5 Qxc5+ 19. Kh1 Rfe8 20. Qh5 Qf2
21. Qxf5 Qxb2 22. Ne4 e6 23. Qh5 exd5 24. Ng5 Rxe1+ 25. Rxe1 Qf6 26. Qxh7+ Kf8
27. Qd3 Qc3 28. Qe2 Kg8 29. Rd1 Rc8 30. h3 Qc2 31. Qh5 Qf5 32. Qf3 d4 33. Ne4
Rd8 34. Ng3 Qc2 35. Qg4 Qg6 36. Qf3 Qc2 37. Qg4 Qg6 38. Qf3 Re8 39. Rd3 Rc8 40.
Ne4 d5 41. Nf2 Qf5 42. g4 Qe6 43. Kg2 Rc1 44. Kg3 Rg1+ 45. Kh2 Ra1 46. Kg3 Rxa2
47. g5 Qe2 0-1

[Event "Uruguay ch 2010"]
[Site "Montevideo URU"]
[Date "2010.04.13"]
[Round "4.2"]
[White "Michailov, Matias"]
[Black "Roselli Mailhe, Bernardo"]
[Result "0-1"]
[WhiteElo "1993"]
[BlackElo "2386"]
[PlyCount "73"]
[EventDate "2010.04.10"]
[EventType "tourn"]
[EventRounds "11"]
[EventCountry "URU"]
[EventCategory "1"]
[Source "lmi"]
[SourceDate "2010.04.10"]

1. d4 d5 2. Nf3 c5 3. e3 Nf6 4. b3 Nc6 5. Bb2 Bg4 6. Nbd2 e6 7. Be2 Bd6 8. Ne5
Bxe2 9. Qxe2 cxd4 10. exd4 O-O 11. O-O Rc8 12. a3 Qe7 13. Rfe1 Rfd8 14. h3 a6
15. Nxc6 Rxc6 16. c4 dxc4 17. bxc4 Rcc8 18. d5 Re8 19. dxe6 Qxe6 20. Qxe6 Rxe6
21. Rxe6 fxe6 22. Re1 Kf7 23. Ne4 Bb8 24. Nxf6 gxf6 25. Re4 f5 26. Rd4 Rc7 27.
Rd8 Ba7 28. Kf1 Rxc4 29. Rd7+ Ke8 30. Rxb7 Bc5 31. Rxh7 Rc2 32. Bf6 Rxf2+ 33.
Ke1 Rxg2 34. Rg7 Rxg7 35. Bxg7 Bxa3 36. Bc3 Kf7 37. Ke2 0-1

[Event "Uruguay ch 2010"]
[Site "Montevideo URU"]
[Date "2010.04.13"]
[Round "4.3"]
[White "Izquierdo, Daniel"]
[Black "Larrea, Manuel"]
[Result "1-0"]
[WhiteElo "2276"]
[BlackElo "2333"]
[PlyCount "71"]
[EventDate "2010.04.10"]
[EventType "tourn"]
[EventRounds "11"]
[EventCountry "URU"]
[EventCategory "1"]
[Source "lmi"]
[SourceDate "2010.04.10"]

1. d4 Nf6 2. c4 e6 3. Nf3 b6 4. g3 Bb7 5. Bg2 c5 6. O-O cxd4 7. Qxd4 d6 8. Nc3
a6 9. b3 Nbd7 10. Bb2 Be7 11. Rfd1 Qc7 12. Rac1 Rc8 13. Ng5 Bxg2 14. Kxg2 Qb7+
15. Kg1 h6 16. Nge4 Rc6 17. Rc2 b5 18. cxb5 axb5 19. Rdc1 b4 20. Nb5 Nxe4 21.
Rxc6 Nc3 22. Nxd6+ Bxd6 23. Qxd6 Nxe2+ 24. Kf1 Nxc1 25. Rxc1 f6 26. Kg1 Kd8 27.
Bd4 Qb8 28. Qxe6 Re8 29. Qf7 Qd6 30. Be3 g5 31. Qh5 Re5 32. Qxh6 Qd3 33. Bb6+
Ke7 34. Qg7+ Kd6 35. Bc7+ Ke6 36. Rc6+ 1-0

[Event "Uruguay ch 2010"]
[Site "Montevideo URU"]
[Date "2010.04.13"]
[Round "4.4"]
[White "Muniz, Rafael"]
[Black "Gonzalez, Nahuel"]
[Result "1/2-1/2"]
[WhiteElo "2174"]
[BlackElo "2154"]
[PlyCount "92"]
[EventDate "2010.04.10"]
[EventType "tourn"]
[EventRounds "11"]
[EventCountry "URU"]
[EventCategory "1"]
[Source "lmi"]
[SourceDate "2010.04.10"]

1. e4 e6 2. d4 d5 3. Nc3 dxe4 4. Nxe4 Bd7 5. Nf3 Bc6 6. Bd3 Nd7 7. Qe2 Ngf6 8.
O-O Be7 9. c4 O-O 10. Ng3 Bxf3 11. Qxf3 c5 12. Be3 Qb6 13. Rfd1 cxd4 14. Bxd4
Bc5 15. Bc3 Bb4 16. Bxf6 Nxf6 17. a3 Be7 18. b4 Rfd8 19. Ne4 Rd4 20. c5 Qc7 21.
Nxf6+ Bxf6 22. Bxh7+ Kxh7 23. Rxd4 Bxd4 24. Qe4+ Kg8 25. Qxd4 Rd8 26. Qe3 Rd5
27. h3 Qd8 28. b5 b6 29. cxb6 axb6 30. a4 Rd3 31. Qe4 Rd4 32. Qc6 Rd6 33. Qe4
Rd4 34. Qe1 Qa8 35. Qe5 Rd5 36. Qb2 Qa5 37. Qe2 Qb4 38. Qg4 Qc3 39. Rd1 g6 40.
g3 Kg7 41. h4 Qc5 42. Kg2 Qc3 43. Qe2 Qc5 44. Rxd5 exd5 45. Qe5+ f6 46. Qe6 d4
1/2-1/2